000 00551nam a22001577a 4500
003 OSt
005 20150922093027.0
008 150922b xxu||||| |||| 00| 0 eng d
040 _cRUA
082 _aAGR TAL 2010 B044 Or.1
100 _91078
_aTAL, MAKARA.
245 _aEffect of pellet compost's duration on green mustart ឥទ្ធិពលនៃអាយុជីកំប៉ុស្ដិ៍គ្រាប់លើដំណាំស្ពៃខៀវ
260 _aPhnom Penh
_bRUA
_c2010
300 _aix; 55p.
_bill.
_c29cm.
942 _2ddc
_cAGR
999 _c1032
_d1032